Państwa, które pokonują Indonezję - Statystyki

Ogólne statystyki
  • Ten quiz został rozwiązany 4 098 razy
    4 022 od ostatniego zresetowania
  • Średni wynik to 12 z 17
Statystyki odpowiedzi
Ranga Kategoria Państwo % Poprawnych
2 Najbardziej zaludnione państwo na literę I Indie
95%
4 Najdłuższa linia brzegowa Kanada | Rosja | Stany Zjednoczone
95%
7 Geograficznie najbliżej Wietnamu Kambodża | Chiny | Laos | Tajlandia | Mjanma | Malezja
87%
3 Największe pod względem powierzchni wśród państw leżących na równiku Brazylia | Demokratyczna Republika Konga
85%
2 Geograficznie najbliżej Australii Papua-Nowa Gwinea
82%
5 Największa liczba jadowitych gatunków zwierząt Meksyk | Brazylia | Australia | Indie
81%
9 (remis) Najbardziej biała flaga Cypr | Afganistan | Japonia | Korea Południowa | Gruzja | Izrael | Finlandia | Singapur
74%
3 Najbardziej zaludniona stolica *ludność aglomeracji, a nie granic miasta Japonia | Indie
74%
2 Państwo, w którym odnotowano najnowsze trzęsienie ziemi o magnitudzie 9.0 Japonia
68%
2 Najczęściej odwiedzane przez Australijczyków Nowa Zelandia
65%
4 Największa ilość zgonów z powodu malarii (poza Afryką) Indie | Papua-Nowa Gwinea | Jemen
63%
2 Największa ilość wysp o powierzchni ponad 10 000 km2 Kanada
62%
2 Największa ilość lasów straconych od 1990r. Brazylia
61%
9 Najwięcej opadów Kolumbia | Wyspy Świętego Tomasza i Książeca | Papua-Nowa Gwinea | Wyspy Salomona | Panama | Kostaryka | Malezja | Brunei
53%
6 Najbardziej zalesione państwo azjatyckie Brunei | Bhutan | Malezja | Japonia | Korea Północna
51%
2 Największa ilość używanych języków Papua-Nowa Gwinea
31%
3 Największa liczba emigrantów mieszkająca w Holandii Turcja | Maroko
31%
Nie znaleziono quizów pasujących do podanych kryteriów
Rozkład punktacji
Procent ludzi z każdym wynikiem
Percentyl według liczby udzielonych odpowiedzi
Twoja historia wyników
Nie rozwiązałeś tego quizu od ostatniego zresetowania